| 000 | 00000nam##2200000za#4500 |
| 001 | 9.601221 |
| 003 | CaOODSP |
| 005 | 20210624205951 |
| 007 | cr ||||||||||| |
| 008 | 150406|1996||||xxc|||||o f|0| 0 fre|d |
| 040 | |aCaOODSP|bfre |
| 043 | |an-cn--- |
| 086 | 1 |aC21-24/9-1996F-PDF |
| 110 | 1 |aCanada.|bIndustrie Canada. |bDirection de l'analyse micro-économique. |
| 245 | 10|aLes stratégies de mandat mondial des filiales canadiennes / |h[ressource électronique]|cpar Julian Birkinshaw. |
| 260 | |aOttawa - Ontario : |bIndustrie Canada. |cMars 1996. |
| 300 | |a54p.|bfigure, tableaux |
| 490 | 1 |aSérie de document de travail|vN° 9 |
| 504 | |aBibliographie. |
| 590 | |a12-10-Supp|b2012-03-23 |
| 720 | 1 |aBirkinshaw, Julian |
| 775 | 08|tWorld mandate strategies for Canadian subsidiaries / |w(CaOODSP)9.570572 |
| 776 | 0#|tWorld mandate strategies for Canadian subsidiaries / |w(CaOODSP)9.527106 |
| 776 | 0#|tLes stratégies de mandat mondial des filiales canadiennes / |w(CaOODSP)9.527107 |
| 830 | #0|aSérie de document de travail ;|vN° 9|w(CaOODSP)9.501123 |
| 856 | 40|ahttp://publications.gc.ca|qPDF|s345 Ko|uhttps://publications.gc.ca/collections/Collection/C21-24-9-1996F.pdf|yN° 9 |